| 000 | 00780nam a2200229Ia 4500 | ||
|---|---|---|---|
| 003 | GCL | ||
| 005 | 20240530102948.0 | ||
| 008 | 140319s9999 xx 000 0 ara d | ||
| 040 |
_aGCL / _cGCL |
||
| 082 | 0 | 4 |
_a332.4956\ _bع ت |
| 100 | 1 | _aعبدالمنعم السيد على | |
| 245 | 1 | 0 |
_aالتطور التاريخى للانظمة النقدية فى الاقطار العربية / _cعبدالمنعم السيد على |
| 260 |
_a[S.N] : _bمركز دراسات الوحدة العربية ، _c1983 |
||
| 300 | _a471 ص | ||
| 650 | 0 | 4 | _aالعالم العربى |
| 650 | 0 | 4 | _aتاريخ |
| 650 | 0 | 4 | _aالسياسة المالية |
| 650 | 0 | 4 | _aالنقود |
| 650 | 0 | 4 | _aالبنوك |
| 700 | 1 | _aعبدالمنعم السيد على | |
| 942 |
_2ddc _cBK |
||
| 999 |
_c35713 _d35713 |
||